000 00565nam a2200205Ia 4500
005 20250508162323.0
008 008 250505s9999 xx 000 0 hin d
037 _aBooks to be hide in OPAC
040 _aFEDL
_beng
_cFEDL
041 _ahin
_2eng
084 _a001.4, SIN
_qFEDL
100 _aSingh Rajender Pal
_9772849
245 0 _aShiksha aur anusandhan
260 _aNew Delhi, India
_bMacmillian
300 _a195p.
365 _aINR
_b38
650 _aShiksha Anusandhan
_9772850
942 _cHB
_h001.4, SIN
999 _c1375822
_d1375822